000 00369nam a2200145Ia 4500
008 230917s9999||||xx |||||||||||||| ||und||
040 _e96939
_aMAIN
041 _aEnglish
082 _a330.9 I2I
100 _aKhandelwal, M C, ed
245 0 _aIndian economic crisis: deliberations and remedies
260 _aJaipur
_bPointer
_c1991
300 _a197 p.
942 _cBK
999 _c82001
_d82001